| 000 | 00652nam a2200229 a 4500 | ||
|---|---|---|---|
| 008 | |||
| 020 | _a0256022933 (cased) | ||
| 049 | _aMAIN | ||
| 090 | 0 |
_aHF5635 _bFUN |
|
| 100 | 1 | 0 | _aPyle, William W. |
| 245 | 1 | 0 |
_aFundamental accounting principles / _cWilliam W. Pyle ... [et al.] |
| 250 | _a3rd Canadian ed. | ||
| 260 | 0 |
_aGeorgetown, Ont. : _bIrwin-Dorsey, _c1980. |
|
| 300 |
_axi, 972 p. : _bill. ; _c25 cm. |
||
| 500 | _aIncludes index. | ||
| 650 | 0 | _aAccounting. | |
| 907 |
_a.b10125528 _b26-10-10 _c09-06-04 |
||
| 003 | |||
| 005 | 20230123133733.0 | ||
| 040 | _cNUST | ||
| 942 |
_cBOOKS _kHF5635 _mFUN |
||
| 999 |
_c153769 _d153769 |
||